[Event "US Masters"]
[Site "Charlotte USA"]
[Date "2021.11.26"]
[Round "5.23"]
[White "Hilby, Craig"]
[Black "Atanasov, Anthony"]
[Result "1-0"]
[WhiteElo "2441"]
[BlackElo "2228"]
[PlyCount "51"]
[EventDate "2021.11.24"]
[EventType "swiss"]
[EventRounds "9"]
[EventCountry "USA"]
[Source "ChessMix"]
[SourceDate "2021.12.01"]

1. e4 {[%emt 0:06:15]} c5 {[%emt 0:00:11]} 2. Nf3 {[%emt 0:00:09]} d6 {
[%emt 0:00:06]} 3. d4 {[%emt 0:00:05]} cxd4 {[%emt 0:00:07]} 4. Nxd4 {
[%emt 0:00:03]} Nf6 {[%emt 0:00:06]} 5. Nc3 {[%emt 0:00:06]} a6 {[%emt 0:00:07]
} 6. Be3 {[%emt 0:00:09]} e6 {[%emt 0:00:08]} 7. g4 {[%emt 0:00:46]} e5 {
[%emt 0:00:54]} 8. Nf5 {[%emt 0:00:57]} g6 {[%emt 0:00:16]} 9. g5 {
[%emt 0:00:58]} gxf5 {[%emt 0:00:13]} 10. exf5 {[%emt 0:00:23]} d5 {
[%emt 0:01:16]} 11. Qf3 {[%emt 0:00:37]} d4 {[%emt 0:04:02]} 12. O-O-O {
[%emt 0:01:31]} Nbd7 {[%emt 0:03:22]} 13. Bc4 {[%emt 0:00:37]} Qc7 {
[%emt 0:01:53]} 14. Bxd4 {[%emt 0:02:00]} exd4 {[%emt 0:03:58]} 15. Rhe1+ {
[%emt 0:00:12]} Kd8 {[%emt 0:16:57]} 16. Rxd4 {[%emt 0:00:17]} Bc5 {
[%emt 0:01:35]} 17. Rdd1 {[%emt 0:00:31]} b5 {[%emt 0:16:21]} 18. Bxf7 {
[%emt 0:48:57]} Bb7 {[%emt 0:01:56]} 19. Nd5 {[%emt 0:02:25]} Nxd5 {
[%emt 0:15:01]} 20. Bxd5 {[%emt 0:00:23]} Bxd5 {[%emt 0:01:21]} 21. Rxd5 {
[%emt 0:08:21]} Ra7 {[%emt 0:04:03]} 22. Red1 {[%emt 0:03:12]} Qb6 {
[%emt 0:11:48]} 23. Qc3 {[%emt 0:01:25]} Rf8 {[%emt 0:02:28]} 24. Rxc5 {
[%emt 0:01:55]} Rc7 {[%emt 0:00:40]} 25. Rxd7+ {[%emt 0:02:22]} Kxd7 {
[%emt 0:02:22]} 26. Qg7+ {[%emt 0:00:15]} 1-0

[Event "US Masters"]
[Site "Charlotte USA"]
[Date "2021.11.27"]
[Round "7.21"]
[White "Chandra, Akshat"]
[Black "Atanasov, Anthony"]
[Result "1-0"]
[WhiteElo "2483"]
[BlackElo "2228"]
[PlyCount "89"]
[EventDate "2021.11.24"]
[EventType "swiss"]
[EventRounds "9"]
[EventCountry "USA"]
[Source "ChessMix"]
[SourceDate "2021.12.01"]

1. e4 {[%emt 0:13:21]} c5 {[%emt 0:00:06]} 2. Nf3 {[%emt 0:00:05]} d6 {
[%emt 0:00:06]} 3. d4 {[%emt 0:00:22]} cxd4 {[%emt 0:00:09]} 4. Nxd4 {
[%emt 0:00:04]} Nf6 {[%emt 0:00:11]} 5. Nc3 {[%emt 0:00:04]} a6 {[%emt 0:00:09]
} 6. Be3 {[%emt 0:00:10]} e6 {[%emt 0:00:07]} 7. Be2 {[%emt 0:00:05]} Qc7 {
[%emt 0:00:49]} 8. Qd2 {[%emt 0:02:01]} b5 {[%emt 0:04:00]} 9. O-O {
[%emt 0:01:46]} Bb7 {[%emt 0:03:35]} 10. b4 {[%emt 0:01:25]} Be7 {
[%emt 0:16:42]} 11. a4 {[%emt 0:01:14]} bxa4 {[%emt 0:00:37]} 12. b5 {
[%emt 0:13:50]} O-O {[%emt 0:06:44]} 13. b6 {[%emt 0:15:49]} Qd8 {
[%emt 0:01:20]} 14. Bf3 {[%emt 0:11:15]} Qc8 {[%emt 0:11:59]} 15. Rxa4 {
[%emt 0:02:06]} Nbd7 {[%emt 0:02:54]} 16. Nb3 {[%emt 0:07:45]} Ne5 {
[%emt 0:03:15]} 17. Be2 {[%emt 0:06:02]} Nc6 {[%emt 0:01:56]} 18. Rb1 {
[%emt 0:14:28]} Nd7 {[%emt 0:09:48]} 19. f4 {[%emt 0:02:16]} Rd8 {
[%emt 0:06:42]} 20. Rc4 {[%emt 0:06:22]} Nc5 {[%emt 0:09:00]} 21. Bxc5 {
[%emt 0:03:10]} dxc5 {[%emt 0:00:01]} 22. Qe3 {[%emt 0:00:46]} Nd4 {
[%emt 0:04:04]} 23. Na4 {[%emt 0:01:34]} Nxb3 {[%emt 0:08:37]} 24. cxb3 {
[%emt 0:00:34]} Qc6 {[%emt 0:01:25]} 25. Bf3 {[%emt 0:01:14]} Qb5 {
[%emt 0:01:53]} 26. h3 {[%emt 0:02:30]} Rac8 {[%emt 0:00:14]} 27. Kh2 {
[%emt 0:00:47]} h6 {[%emt 0:03:46]} 28. e5 {[%emt 0:01:29]} Bd5 {[%emt 0:00:51]
} 29. Rcc1 {[%emt 0:00:02]} Qb4 {[%emt 0:01:17]} 30. Be2 {[%emt 0:02:18]} g5 {
[%emt 0:03:20]} 31. Bc4 {[%emt 0:00:27]} Bb7 {[%emt 0:00:32]} 32. Rd1 {
[%emt 0:00:14]} Kg7 {[%emt 0:02:15]} 33. f5 {[%emt 0:00:51]} exf5 {
[%emt 0:00:11]} 34. e6 {[%emt 0:00:02]} Be4 {[%emt 0:01:45]} 35. exf7 {
[%emt 0:00:34]} Bd6+ {[%emt 0:01:13]} 36. Kh1 {[%emt 0:00:50]} Kf8 {
[%emt 0:04:03]} 37. Bxa6 {[%emt 0:00:33]} Ra8 {[%emt 0:01:03]} 38. Bd3 {
[%emt 0:00:31]} Kxf7 {[%emt 0:01:47]} 39. Bc4+ {[%emt 0:00:31]} Kf6 {
[%emt 0:00:12]} 40. Nc3 {[%emt 0:00:30]} Bf4 {[%emt 0:01:21]} 41. Nxe4+ {
[%emt 0:00:08]} fxe4 {[%emt 0:00:26]} 42. Qxe4 {[%emt 0:00:06]} Qxb6 {
[%emt 0:00:15]} 43. Qh7 {[%emt 0:00:32]} Rxd1+ {[%emt 0:00:53]} 44. Rxd1 {
[%emt 0:00:01]} Qd8 {[%emt 0:00:32]} 45. Qf7+ {[%emt 0:00:12]} 1-0

[Event "US Masters"]
[Site "Charlotte USA"]
[Date "2021.11.29"]
[Round "9.22"]
[White "Stearman, Josiah"]
[Black "Atanasov, Anthony"]
[Result "1/2-1/2"]
[WhiteElo "2413"]
[BlackElo "2228"]
[PlyCount "134"]
[EventDate "2021.11.24"]
[EventType "swiss"]
[EventRounds "9"]
[EventCountry "USA"]
[Source "ChessMix"]
[SourceDate "2021.12.01"]

1. c4 Nf6 2. Nc3 d5 3. cxd5 Nxd5 4. Nf3 g6 5. h4 Nc6 6. h5 Bg7 7. e4 Nxc3 8.
bxc3 Bg4 9. h6 Bf6 10. d4 O-O 11. e5 Bh8 12. Rh4 Qd7 13. Rb1 Rfd8 14. Be3 Rab8
15. Qb3 Be6 16. c4 b5 17. Qc3 bxc4 18. Rxb8 Rxb8 19. Nd2 Nb4 20. Bxc4 Qc6 21.
Qb3 Bxc4 22. Qxc4 Qxc4 23. Nxc4 Nxa2 24. Kd2 Rb4 25. Kd3 Rb3+ 26. Ke4 Nc3+ 27.
Kf3 Rb4 28. Na5 Bxe5 29. Nc6 Bf6 30. Rh1 Rb1 31. Rxb1 Nxb1 32. g4 g5 33. Nxa7
Nc3 34. Nc6 e6 35. Bd2 Nd5 36. Ke4 Kf8 37. Ne5 Be7 38. Nd3 f6 39. f4 gxf4 40.
Bxf4 Kf7 41. Bd2 Kg6 42. Bc1 c6 43. Bd2 Bd6 44. Bc1 Bf8 45. g5 Nc3+ 46. Kf3
fxg5 47. Kg4 Ne4 48. Ne5+ Kxh6 49. Kf3 Nf6 50. Nxc6 Kg6 51. Nd8 Kf5 52. Bxg5
Nd5 53. Bd2 h5 54. Be1 Be7 55. Nf7 Nf6 56. Bh4 Nd5 57. Be1 Bf8 58. Nd8 Bg7 59.
Bf2 Nb4 60. Nf7 Bf8 61. Ne5 Nc2 62. Nc4 Be7 63. Nb6 Nb4 64. Nc8 Nc6 65. Nb6 Bf6
66. d5 exd5 67. Nxd5 Ne5+ 1/2-1/2

[Event "Titled Tuesday 2021.11.09"]
[Site "chess.com INT"]
[Date "2021.11.09"]
[Round "1"]
[White "Cramling Bellon, Anna"]
[Black "Atanasov, Anthony"]
[Result "0-1"]
[WhiteElo "2035"]
[BlackElo "2228"]
[PlyCount "76"]
[EventDate "2021.11.09"]
[EventType "swiss (blitz)"]
[EventRounds "11"]
[EventCountry "NET"]
[Source "Mark Crowther"]
[SourceDate "2021.11.15"]

1. d4 e5 2. dxe5 Nc6 3. Nf3 Qe7 4. Bf4 Qb4+ 5. Bd2 Qxb2 6. Nc3 Bb4 7. Rb1 Qxc3
8. Bxc3 Bxc3+ 9. Nd2 Nxe5 10. e3 Nf6 11. Bd3 O-O 12. O-O b6 13. Nf3 Bb7 14.
Nxe5 Bxe5 15. f4 Bd6 16. Qd2 Bc5 17. Rbe1 Rae8 18. Kh1 Re6 19. Bf5 Rd6 20. Qe2
g6 21. Bd3 Re8 22. e4 Bxe4 23. Bxe4 Nxe4 24. Qxe4 Rxe4 25. Rxe4 Rd2 26. f5 gxf5
27. Rc4 d5 28. Rc3 Bd6 29. g3 c5 30. Rxf5 d4 31. Rcf3 Rxc2 32. Rxf7 d3 33. Rd7
d2 34. Rxd6 Rc1+ 35. Kg2 d1=Q 36. Rxd1 Rxd1 37. Ra3 Rd2+ 38. Kh3 c4 0-1

[Event "Titled Tuesday 2021.11.09"]
[Site "chess.com INT"]
[Date "2021.11.09"]
[Round "2"]
[White "Szpar, Milosz"]
[Black "Atanasov, Anthony"]
[Result "1-0"]
[WhiteElo "2418"]
[BlackElo "2228"]
[PlyCount "85"]
[EventDate "2021.11.09"]
[EventType "swiss (blitz)"]
[EventRounds "11"]
[EventCountry "NET"]
[Source "Mark Crowther"]
[SourceDate "2021.11.15"]

1. e4 c5 2. Nf3 d6 3. c3 e6 4. d4 Nf6 5. Bd3 cxd4 6. cxd4 Be7 7. O-O O-O 8. Nc3
Nc6 9. Re1 a6 10. h3 b5 11. Be3 Bb7 12. Rc1 Nb4 13. Bb1 d5 14. e5 Ne4 15. a3
Nxc3 16. Rxc3 Nc6 17. Rxc6 Bxc6 18. Qc2 g6 19. Qxc6 Qa5 20. Qc1 Rfc8 21. Qd2 b4
22. Bd3 Rab8 23. Bg5 Bf8 24. a4 Qxa4 25. Bf6 Qb3 26. Nh2 h5 27. g4 h4 28. Nf3
Rc4 29. Bxh4 a5 30. Bf6 a4 31. Re3 a3 32. Bxc4 Qxc4 33. bxa3 bxa3 34. Rxa3 Rb1+
35. Kh2 Qf1 36. Ra8 Qh1+ 37. Kg3 Rg1+ 38. Nxg1 Qxg1+ 39. Kh4 Kh7 40. Rxf8 g5+
41. Kh5 Qxg4+ 42. Kxg4 Kg6 43. Qxg5+ 1-0

[Event "Titled Tuesday 2021.11.09"]
[Site "chess.com INT"]
[Date "2021.11.09"]
[Round "3"]
[White "Atanasov, Anthony"]
[Black "Rusan, P."]
[Result "1-0"]
[WhiteElo "2228"]
[BlackElo "2103"]
[PlyCount "45"]
[EventDate "2021.11.09"]
[EventType "swiss (blitz)"]
[EventRounds "11"]
[EventCountry "NET"]
[Source "Mark Crowther"]
[SourceDate "2021.11.15"]

1. d4 Nf6 2. Bf4 c5 3. e3 e6 4. Nf3 d5 5. Nbd2 Nc6 6. c3 cxd4 7. exd4 Bd6 8.
Ne5 Bxe5 9. dxe5 Nd7 10. Nf3 O-O 11. Bd3 f6 12. exf6 Qxf6 13. Bg5 Qf7 14. Qc2
h6 15. Bg6 Qxf3 16. gxf3 hxg5 17. h4 Rxf3 18. hxg5 Nde5 19. Bh5 Rf5 20. O-O-O
Bd7 21. f4 Rxf4 22. Qh7+ Kxh7 23. Bf7+ 1-0

[Event "Titled Tuesday 2021.11.09"]
[Site "chess.com INT"]
[Date "2021.11.09"]
[Round "4"]
[White "Wagh, Suyog"]
[Black "Atanasov, Anthony"]
[Result "1-0"]
[WhiteElo "2210"]
[BlackElo "2228"]
[PlyCount "25"]
[EventDate "2021.11.09"]
[EventType "swiss (blitz)"]
[EventRounds "11"]
[EventCountry "NET"]
[Source "Mark Crowther"]
[SourceDate "2021.11.15"]

1. e4 e5 2. Nf3 f5 3. d4 Nc6 4. Nxe5 Nxe5 5. dxe5 fxe4 6. Nc3 Bb4 7. Bc4 Ne7 8.
O-O Bxc3 9. bxc3 Ng6 10. Qd5 Qe7 11. f4 c6 12. Qd4 Rf8 13. a4 1-0

[Event "Titled Tuesday 2021.11.02"]
[Site "chess.com INT"]
[Date "2021.11.02"]
[Round "1"]
[White "Tarasenka, Aliaksandra"]
[Black "Atanasov, Anthony"]
[Result "0-1"]
[WhiteElo "2124"]
[BlackElo "2245"]
[PlyCount "50"]
[EventDate "2021.11.02"]
[EventType "swiss (blitz)"]
[EventRounds "11"]
[EventCountry "NET"]
[Source "Mark Crowther"]
[SourceDate "2021.11.08"]

1. e4 c5 2. c3 Nf6 3. e5 Nd5 4. d4 cxd4 5. Qxd4 Nb6 6. Nf3 Nc6 7. Qe4 g6 8. Bd3
Bg7 9. O-O d5 10. exd6 Bf5 11. Qe2 Bxd3 12. Qxd3 O-O 13. Bf4 e5 14. Be3 f5 15.
Bxb6 Qxb6 16. Qd5+ Kh8 17. Nbd2 Qxb2 18. Nc4 Qxc3 19. Ng5 b5 20. Ne3 Rad8 21.
Rac1 Nb4 22. Rxc3 Nxd5 23. Nxd5 b4 24. Rd3 Rxd6 25. Rdd1 Rxd5 0-1

[Event "Titled Tuesday 2021.11.02"]
[Site "chess.com INT"]
[Date "2021.11.02"]
[Round "2"]
[White "Aditya, Mittal"]
[Black "Atanasov, Anthony"]
[Result "1-0"]
[WhiteElo "2447"]
[BlackElo "2245"]
[PlyCount "65"]
[EventDate "2021.11.02"]
[EventType "swiss (blitz)"]
[EventRounds "11"]
[EventCountry "NET"]
[Source "Mark Crowther"]
[SourceDate "2021.11.08"]

1. d4 e5 2. dxe5 Nc6 3. Nf3 Qe7 4. Bf4 Qb4+ 5. Bd2 Qxb2 6. Nc3 Bb4 7. Rb1 Qxc3
8. Bxc3 Bxc3+ 9. Nd2 Nxe5 10. Rb3 Ba5 11. Re3 d6 12. f4 Bb6 13. Re4 f5 14. fxe5
fxe4 15. Nxe4 dxe5 16. Qd5 Ne7 17. Qxe5 Bf5 18. Ng5 Bxc2 19. Ne6 Kd7 20. e4
Rae8 21. Bc4 Ng6 22. Qf5 Kd6 23. Qd5+ Ke7 24. Rf1 c6 25. Qf5 Kd6 26. Kd2 Ne5
27. Kxc2 Nxc4 28. e5+ Nxe5 29. Rd1+ Ke7 30. Qxe5 Kf7 31. Qf5+ Kg8 32. Rd7 Bd4
33. Qf7# 1-0

[Event "Titled Tuesday 2021.10.26"]
[Site "chess.com INT"]
[Date "2021.10.26"]
[Round "2"]
[White "Jakubowska, Anna"]
[Black "Atanasov, Anthony"]
[Result "1/2-1/2"]
[WhiteElo "2106"]
[BlackElo "2245"]
[PlyCount "156"]
[EventDate "2021.10.26"]
[EventType "swiss (blitz)"]
[EventRounds "11"]
[EventCountry "NET"]
[Source "Mark Crowther"]
[SourceDate "2021.11.01"]

1. e4 c5 2. Nf3 d6 3. Bb5+ Nd7 4. O-O a6 5. Bd3 e6 6. c3 Ngf6 7. Re1 b5 8. a4
c4 9. Bc2 Bb7 10. d4 cxd3 11. Bxd3 bxa4 12. Qxa4 Be7 13. e5 dxe5 14. Nxe5 O-O
15. Nxd7 Qxd7 16. Qxd7 Nxd7 17. Be3 Bc5 18. Na3 Bxe3 19. Rxe3 Nc5 20. Bf1 Rfd8
21. Nc4 Rab8 22. b4 Ne4 23. Na5 Ba8 24. f3 Nf6 25. Bxa6 Nd5 26. Rd3 Kf8 27. b5
Ke7 28. Rb1 Nc7 29. Rxd8 Rxd8 30. Bb7 Bxb7 31. Nxb7 Rb8 32. Na5 Rxb5 33. Rxb5
Nxb5 34. c4 Nd4 35. Kf2 Kd6 36. Ke3 Kc5 37. Kd3 e5 38. f4 f6 39. Nb7+ Kc6 40.
Nd8+ Kc7 41. Nf7 Nc6 42. fxe5 Kd7 43. exf6 gxf6 44. Nh6 Ne5+ 45. Kd4 Ke6 46. c5
f5 47. h3 Nc6+ 48. Kc4 Ke5 49. Nf7+ Kf4 50. Kd5 Nb4+ 51. Ke6 h5 52. Nd6 Kg3 53.
Nxf5+ Kxg2 54. h4 Kh3 55. Kf6 Kg4 56. Kg6 Nc6 57. Ng7 Kxh4 58. Nxh5 Kg4 59. Ng7
Kf4 60. Kf6 Ke4 61. Ne6 Kd5 62. Kf5 Kc4 63. Ke4 Kb5 64. Kd5 Nb4+ 65. Kd6 Nc6
66. Kd5 Nb4+ 67. Kd4 Kc6 68. Kc4 Na6 69. Nd4+ Kc7 70. c6 Nb8 71. Kc5 Na6+ 72.
Kd5 Nb4+ 73. Kc5 Nd3+ 74. Kd5 Nf4+ 75. Ke5 Ng6+ 76. Kd5 Ne7+ 77. Kc5 Kc8 78.
Ne6 Nxc6 1/2-1/2

[Event "Titled Tuesday 2021.10.26"]
[Site "chess.com INT"]
[Date "2021.10.26"]
[Round "3"]
[White "Kuznetsov, Mi1"]
[Black "Atanasov, Anthony"]
[Result "0-1"]
[WhiteElo "2234"]
[BlackElo "2245"]
[PlyCount "48"]
[EventDate "2021.10.26"]
[EventType "swiss (blitz)"]
[EventRounds "11"]
[EventCountry "NET"]
[Source "Mark Crowther"]
[SourceDate "2021.11.01"]

1. d4 e5 2. Nf3 e4 3. Nfd2 d5 4. e3 Bb4 5. c3 Bd6 6. c4 dxc4 7. Nc3 Nf6 8. Nxc4
O-O 9. Nxd6 Qxd6 10. Be2 h5 11. O-O Ng4 12. g3 Bf5 13. Qc2 Nd7 14. b3 Qg6 15.
a3 Rae8 16. Nb5 h4 17. Nxc7 hxg3 18. fxg3 Qh5 19. Bxg4 Bxg4 20. Nd5 Qxd5 21.
Qc4 Qxc4 22. bxc4 Nb6 23. c5 Nc4 24. Rb1 Bf3 0-1

[Event "Titled Tuesday 2021.10.26"]
[Site "chess.com INT"]
[Date "2021.10.26"]
[Round "4"]
[White "Atanasov, Anthony"]
[Black "Acosta, Pablo Ismael"]
[Result "1-0"]
[WhiteElo "2245"]
[BlackElo "2465"]
[PlyCount "63"]
[EventDate "2021.10.26"]
[EventType "swiss (blitz)"]
[EventRounds "11"]
[EventCountry "NET"]
[Source "Mark Crowther"]
[SourceDate "2021.11.01"]

1. d4 c5 2. d5 e6 3. Nc3 exd5 4. e4 d4 5. Nd5 Nc6 6. Bc4 d6 7. Qh5 g6 8. Qf3
Ne5 9. Bb5+ Bd7 10. Qb3 Qa5+ 11. Bd2 Qd8 12. f4 Nc6 13. Nf3 Bg7 14. Ng5 Nh6 15.
h4 O-O 16. h5 a6 17. hxg6 hxg6 18. Bc4 b5 19. f5 bxc4 20. Qh3 Ne5 21. O-O-O c3
22. bxc3 Rb8 23. cxd4 cxd4 24. Qh4 gxf5 25. Rdf1 Bc6 26. Ba5 Qxa5 27. Ne7+ Kh8
28. Qxh6+ Bxh6 29. Rxh6+ Kg7 30. Nxf5+ Kg8 31. Ne7+ Kg7 32. Rh7# 1-0

[Event "Titled Tuesday 2021.10.26"]
[Site "chess.com INT"]
[Date "2021.10.26"]
[Round "5"]
[White "Shkapenko, P."]
[Black "Atanasov, Anthony"]
[Result "1-0"]
[WhiteElo "2424"]
[BlackElo "2245"]
[PlyCount "65"]
[EventDate "2021.10.26"]
[EventType "swiss (blitz)"]
[EventRounds "11"]
[EventCountry "NET"]
[Source "Mark Crowther"]
[SourceDate "2021.11.01"]

1. e4 c5 2. c3 Nf6 3. e5 Nd5 4. d3 Nc6 5. Nf3 g6 6. d4 cxd4 7. cxd4 Bg7 8. Bc4
Nb6 9. Bb3 d5 10. h3 Bf5 11. O-O O-O 12. Nc3 Na5 13. Bf4 Nxb3 14. axb3 Qd7 15.
Re1 a6 16. Qd2 Rfc8 17. Bh6 Bh8 18. Qf4 Bc2 19. Re2 Qf5 20. Qh4 Bxb3 21. Qxe7
Bc4 22. Re3 Qd7 23. Qh4 Qf5 24. Ng5 Nd7 25. Rf3 Qc2 26. Bg7 h5 27. Bxh8 Kxh8
28. Nxf7+ Kh7 29. Qe7 Nf8 30. Ng5+ Kh6 31. Nf7+ Kg7 32. Qf6+ Kh7 33. Qh8# 1-0

[Event "SPICE Cup op"]
[Site "Clayton USA"]
[Date "2021.10.17"]
[Round "1.4"]
[White "Atanasov, Anthony"]
[Black "Quesada Perez, Yuniesky"]
[Result "0-1"]
[WhiteElo "2245"]
[BlackElo "2593"]
[PlyCount "122"]
[EventDate "2021.10.17"]
[EventType "swiss"]
[EventRounds "9"]
[EventCountry "USA"]
[Source "ChessMix"]
[SourceDate "2021.11.01"]

1. d4 Nf6 2. Nf3 b6 3. Bf4 Bb7 4. h3 g6 5. e3 Bg7 6. Be2 O-O 7. O-O d6 8. c4 c5
9. Nc3 cxd4 10. exd4 d5 11. Ne5 dxc4 12. Bxc4 Nc6 13. Qb3 Qe8 14. Qa4 a6 15.
Rfd1 b5 16. Qb3 Na5 17. Qb4 Nxc4 18. Nxc4 Bxg2 19. Kxg2 bxc4 20. Qxc4 Qd7 21.
d5 Rfc8 22. Qd3 Nh5 23. Bg3 Nxg3 24. Qxg3 Rab8 25. Rab1 Bxc3 26. bxc3 Rxb1 27.
Rxb1 Qxd5+ 28. Kh2 Qxa2 29. Rb8 Qe6 30. Rxc8+ Qxc8 31. Qe5 Qe6 32. Qa5 Kg7 33.
Kg2 Qc6+ 34. Kg1 f6 35. Qd8 Qc5 36. c4 a5 37. Qe8 h5 38. Qb5 Qxb5 39. cxb5 a4
40. b6 a3 41. b7 a2 42. b8=Q a1=Q+ 43. Kg2 Qe5 44. Qe8 Qe4+ 45. Kg1 h4 46. Kh2
g5 47. Qd7 Kf7 48. Qd1 Kg6 49. Qd8 Kf7 50. Qc8 Qf3 51. Qc4+ Kg7 52. Qc5 Qe4 53.
Qc8 Qe5+ 54. Kg1 Kf7 55. Qd7 Qe1+ 56. Kg2 Qe4+ 57. Kg1 g4 58. Kh2 g3+ 59. fxg3
Qe2+ 60. Kg1 hxg3 61. Qd5+ Kg7 0-1

[Event "SPICE Cup op"]
[Site "Clayton USA"]
[Date "2021.10.18"]
[Round "2.13"]
[White "Shoaf, Riley M"]
[Black "Atanasov, Anthony"]
[Result "0-1"]
[WhiteElo "2031"]
[BlackElo "2245"]
[PlyCount "82"]
[EventDate "2021.10.17"]
[EventType "swiss"]
[EventRounds "9"]
[EventCountry "USA"]
[Source "ChessMix"]
[SourceDate "2021.11.01"]

1. d4 Nf6 2. Bf4 d5 3. Nf3 e6 4. e3 Bd6 5. Bg3 c5 6. c3 Qc7 7. Bd3 Nbd7 8. Nbd2
O-O 9. O-O e5 10. dxe5 Nxe5 11. Nxe5 Bxe5 12. Nf3 Bxg3 13. hxg3 b6 14. Qa4 Qe7
15. Qh4 h6 16. Rfe1 Re8 17. Nd2 Bb7 18. Rad1 Qe6 19. b3 Qc6 20. f3 Re5 21. e4
Rae8 22. g4 R8e6 23. f4 g5 24. Qh3 gxf4 25. Nf3 Rxe4 26. Bxe4 Nxe4 27. Qh4 Nxc3
28. Rxe6 Qxe6 29. Re1 Ne2+ 30. Kh2 d4 31. Ng1 f3 32. gxf3 Qd6+ 33. Kg2 Nf4+ 34.
Kh1 d3 35. Re8+ Kh7 36. Rd8 Qe5 37. Rb8 Qxb8 38. Qf6 Qc7 39. Qf5+ Kg7 40. g5
hxg5 41. Qxg5+ Ng6 0-1

[Event "SPICE Cup op"]
[Site "Clayton USA"]
[Date "2021.10.18"]
[Round "3.6"]
[White "Atanasov, Anthony"]
[Black "Gledura, Benjamin"]
[Result "0-1"]
[WhiteElo "2245"]
[BlackElo "2628"]
[PlyCount "72"]
[EventDate "2021.10.17"]
[EventType "swiss"]
[EventRounds "9"]
[EventCountry "USA"]
[Source "ChessMix"]
[SourceDate "2021.11.01"]

1. d4 d5 2. Nf3 c5 3. e3 Nc6 4. c3 Nf6 5. dxc5 a5 6. Bb5 Qc7 7. b4 e5 8. Bb2 e4
9. Nd4 Be7 10. a4 O-O 11. Be2 Qe5 12. b5 Nd8 13. Ba3 Qg5 14. g3 Bh3 15. Nd2 Nd7
16. N2b3 Ne5 17. Qc2 Ne6 18. c6 bxc6 19. Bxe7 Qxe7 20. Nxc6 Nxc6 21. bxc6 Rfc8
22. Nd4 Qc5 23. Kd2 Qe7 24. Rhb1 Qf6 25. Ke1 Nxd4 26. cxd4 Rxc6 27. Qd2 h6 28.
Rc1 Rd6 29. Rc5 Qf5 30. Bf1 h5 31. Rb1 h4 32. Qe2 Bg4 33. Qd2 hxg3 34. hxg3 Rh6
35. Rxa5 Rc8 36. Rc5 Rh1 0-1

[Event "SPICE Cup op"]
[Site "Clayton USA"]
[Date "2021.10.19"]
[Round "4.10"]
[White "Atanasov, Anthony"]
[Black "Proleiko, Julian"]
[Result "1-0"]
[WhiteElo "2245"]
[BlackElo "2180"]
[PlyCount "111"]
[EventDate "2021.10.17"]
[EventType "swiss"]
[EventRounds "9"]
[EventCountry "USA"]
[Source "ChessMix"]
[SourceDate "2021.11.01"]

1. d4 Nf6 2. Nf3 d5 3. e3 g6 4. c4 Bg7 5. cxd5 O-O 6. Be2 Nxd5 7. e4 Nf6 8. Nc3
c5 9. d5 e6 10. Be3 b6 11. O-O exd5 12. exd5 Bb7 13. Bc4 a6 14. a4 Nbd7 15. Bf4
Re8 16. d6 Nh5 17. Bxf7+ Kh8 18. Bg5 Bxf3 19. Bxd8 Bxd1 20. Bxe8 Rxd8 21. Bxd7
Bb3 22. Bg4 Rxd6 23. Rfe1 Bd4 24. Bd1 Bg8 25. Re8 Kg7 26. Be2 Rf6 27. Ne4 Rc6
28. Bxa6 Bxb2 29. Rb1 Bd4 30. a5 bxa5 31. Rb7+ Kh6 32. Bb5 Bd5 33. Bxc6 Bxc6
34. Ree7 Bxb7 35. Rxb7 Nf6 36. Nxf6 Bxf6 37. Rb5 Bd4 38. Rxa5 Kg5 39. Kf1 h5
40. Ke2 Kf4 41. Ra8 g5 42. Rf8+ Ke4 43. f3+ Ke5 44. Kd3 Bg1 45. h4 gxh4 46. f4+
Ke6 47. Ke4 Bd4 48. Rg8 Bf6 49. Rc8 Kd6 50. f5 Bc3 51. Rg8 Ke7 52. Rg6 Be1 53.
Rc6 Bb4 54. f6+ Kd7 55. f7 c4 56. Rxc4 1-0

[Event "SPICE Cup op"]
[Site "Clayton USA"]
[Date "2021.10.19"]
[Round "5.7"]
[White "Williams, Justus D"]
[Black "Atanasov, Anthony"]
[Result "1-0"]
[WhiteElo "2420"]
[BlackElo "2245"]
[PlyCount "80"]
[EventDate "2021.10.17"]
[EventType "swiss"]
[EventRounds "9"]
[EventCountry "USA"]
[Source "ChessMix"]
[SourceDate "2021.11.01"]

1. c4 Nf6 2. g3 g6 3. Bg2 d5 4. cxd5 Nxd5 5. Qb3 Nb6 6. Qc3 Rg8 7. Nf3 Bg7 8.
Qc2 Nc6 9. h3 e5 10. Nc3 Be6 11. d3 h6 12. Ne4 Nb4 13. Qb1 Nd7 14. Bd2 Nd5 15.
Qc1 Rh8 16. O-O Qe7 17. Nc3 c6 18. Rb1 f5 19. Nh4 Qf7 20. e4 Ne7 21. f4 O-O-O
22. Nb5 Kb8 23. Nd6 Qg8 24. Nxg6 Nxg6 25. exf5 Bxa2 26. fxg6 Bxb1 27. Nxb7 Bxd3
28. Qxc6 e4 29. Bb4 Rc8 30. Qxd7 Qb3 31. Qxg7 Qxb4 32. Rd1 Qxb7 33. Qxb7+ Kxb7
34. Rxd3 Rc1+ 35. Kh2 Rc2 36. Rd4 Kb6 37. Rxe4 Rxb2 38. f5 a5 39. g7 Rg8 40. f6
Rf2 1-0

[Event "SPICE Cup op"]
[Site "Clayton USA"]
[Date "2021.10.20"]
[Round "6.11"]
[White "Atanasov, Anthony"]
[Black "Chen, Ryo"]
[Result "0-1"]
[WhiteElo "2245"]
[BlackElo "2325"]
[PlyCount "104"]
[EventDate "2021.10.17"]
[EventType "swiss"]
[EventRounds "9"]
[EventCountry "USA"]
[Source "ChessMix"]
[SourceDate "2021.11.01"]

1. d4 Nf6 2. Nf3 g6 3. Bf4 Bg7 4. e3 O-O 5. Be2 d6 6. h3 c5 7. O-O b6 8. c3 Bb7
9. a4 a6 10. Nbd2 Nbd7 11. Bg3 Ra7 12. Bd3 Qa8 13. Qb1 cxd4 14. cxd4 Nd5 15.
Qd1 Nb4 16. Bc4 Nf6 17. Qb3 a5 18. Rac1 Bc6 19. Rfe1 Qe8 20. Ra1 Qd7 21. Ra3 e6
22. Rc1 Rc8 23. Qd1 Rac7 24. Ne1 Ne4 25. Nxe4 Bxe4 26. Rac3 Nd5 27. Bxd5 Bxd5
28. Rxc7 Rxc7 29. Nd3 Bf8 30. Rxc7 Qxc7 31. Nf4 Be4 32. d5 e5 33. Ne2 Bc2 34.
Qe1 Qc4 35. Nc3 Bxa4 36. e4 Be8 37. Qa1 a4 38. f3 b5 39. Bf2 Bh6 40. Qa2 Qxa2
41. Nxa2 Bd2 42. Kf1 b4 43. Be1 b3 44. Nc3 Bc1 45. Nd1 Bb5+ 46. Kf2 a3 47. bxa3
b2 48. Nc3 Bd3 49. a4 Bg5 50. Kg3 Bd8 51. f4 Ba5 52. fxe5 Bxc3 0-1

[Event "SPICE Cup op"]
[Site "Clayton USA"]
[Date "2021.10.21"]
[Round "7.13"]
[White "Deshpande, Aaryan"]
[Black "Atanasov, Anthony"]
[Result "0-1"]
[WhiteElo "2097"]
[BlackElo "2245"]
[PlyCount "90"]
[EventDate "2021.10.17"]
[EventType "swiss"]
[EventRounds "9"]
[EventCountry "USA"]
[Source "ChessMix"]
[SourceDate "2021.11.01"]

1. Nf3 Nf6 2. g3 d5 3. Bg2 Bf5 4. O-O e6 5. c4 c6 6. b3 Nbd7 7. Bb2 a5 8. Nc3
Be7 9. cxd5 exd5 10. d3 O-O 11. e4 dxe4 12. dxe4 Nxe4 13. Nd4 Nxc3 14. Bxc3 Bg6
15. f4 Nf6 16. f5 Bh5 17. Qd2 Nd5 18. Bxd5 Qxd5 19. Qf4 Bf6 20. g4 Be5 21. Nxc6
Bd6 22. Rad1 Qc5+ 23. Bd4 Qxc6 24. Qg5 Bg6 25. fxg6 fxg6 26. h4 h6 27. Qc1 Qe4
28. Qc4+ Kh7 29. Bb6 Qe5 30. Rd2 Rxf1+ 31. Qxf1 Rf8 32. Rf2 Qg3+ 33. Qg2 Qxh4
34. Rxf8 Bxf8 35. Bxa5 Bc5+ 36. Kf1 Qf6+ 37. Ke1 Qa1+ 38. Ke2 Qxa2+ 39. Bd2
Qxb3 40. Qe4 b5 41. g5 h5 42. Qe5 Qc4+ 43. Kd1 Qf1+ 44. Be1 Qd3+ 45. Bd2 Bb4
0-1